| 000 | 00767cab a2200253 4500 | ||
|---|---|---|---|
| 001 | ABS46591 | ||
| 008 | 090401t1992 xxu||||| |||| 00| 0 eng d | ||
| 035 | _a(Sirsi) u58812 | ||
| 041 | _aeng | ||
| 100 | _aSimmons, E. | ||
| 245 | _aRestoration of landfill sites for wildlife | ||
| 260 | _c1992 | ||
| 350 | _a0 | ||
| 490 |
_aWaste Planning _v(3) June 1992, 3-7(5) |
||
| 520 | _aDiscusses the advantages of considering wildlife conservation in restoring a landfill site, the techniques that are appropriate and the habitats it may be suitable to create. | ||
| 650 | _aDERELICT LAND | ||
| 650 | _aLAND RESTORATION | ||
| 650 | _aMEADOWS | ||
| 650 | _aWETLANDS | ||
| 650 | _aWILDLIFE CONSERVATION | ||
| 690 | _aLAND | ||
| 942 | _n0 | ||
| 948 | _c04/03/1997 | ||
| 999 |
_c35962 _d35962 |
||